Devinez les footballeurs par leur parcours #3 - Statistiques

Statistiques générales
  • Ce quiz a été pris 318 fois
  • Le résultat moyen est 6 sur 10
Statistiques - réponses
Joueurs Clubs % Correct
Neymar
97%
Robert Lewandowski
84%
Andrés Iniesta
83%
Gianluigi Buffon
81%
Pelé
72%
Sergio Aguero
64%
Frank Lampard
46%
Alessandro Nesta
20%
Edwin van der Sar
16%
Roy Keane
16%
Aucun quiz correspondant
Distribution des résultats
% des personnes avec chaque résultat
Percentile par nombre de réponses
Votre historique - résultats
Vous n’avez pas pris ce quiz